বাংলাদেশে ক্ষুদ্র সম্প্রদায়ের রাজনীতি : (Record no. 157540)
[ view plain ]
| 000 -LEADER | |
|---|---|
| fixed length control field | 01254nam a22002057a 4500 |
| 003 - CONTROL NUMBER IDENTIFIER | |
| control field | BD-DhUL |
| 005 - DATE AND TIME OF LATEST TRANSACTION | |
| control field | 20170222184545.0 |
| 008 - FIXED-LENGTH DATA ELEMENTS--GENERAL INFORMATION | |
| fixed length control field | 170222s2007 bg |||| m||| 00| 0 ben d |
| 040 ## - CATALOGING SOURCE | |
| Original cataloging agency | BD-DhUL |
| Transcribing agency | BD-DhUL |
| 082 ## - DEWEY DECIMAL CLASSIFICATION NUMBER | |
| Classification number | 307.772 |
| Item number | SHB |
| 100 1# - MAIN ENTRY--PERSONAL NAME | |
| Personal name | সাহা, ভবানী |
| 245 10 - TITLE STATEMENT | |
| Title | বাংলাদেশে ক্ষুদ্র সম্প্রদায়ের রাজনীতি : |
| Remainder of title | গারো সম্প্রদায়ের উপর একটি কেস স্টাডি / |
| Statement of responsibility, etc. | ভবানী সাহা |
| Medium | [অভিসন্দর্ভ পিএইচডি] |
| 260 ## - PUBLICATION, DISTRIBUTION, ETC. (IMPRINT) | |
| Place of publication, distribution, etc. | ঢাকা : |
| Name of publisher, distributor, etc. | ঢাকা বিশ্ববিদ্যালয়, |
| Date of publication, distribution, etc. | ২০০৭। |
| 300 ## - PHYSICAL DESCRIPTION | |
| Extent | iv, ২৭৬ পৃ. : |
| Other physical details | চিত্র ; |
| Dimensions | ২৯ সেমি. |
| 500 ## - GENERAL NOTE | |
| General note | অভিসন্দর্ভ (অভিসন্দর্ভ পিএইচডি)-- শান্তি ও সংগর্ষ অধ্যায়ন বিভাগ, ঢাকা বিশ্ববিদ্যালয়, ২০০৭। |
| 504 ## - BIBLIOGRAPHY, ETC. NOTE | |
| Bibliography, etc | গ্রন্থ বিবরণী : পৃ. ২৬৭-২৭৬। |
| 650 #4 - SUBJECT ADDED ENTRY--TOPICAL TERM | |
| Topical term or geographic name as entry element | উপজাতি |
| General subdivision | |
| Chronological subdivision | বাংলাদেশ। |
| 650 #4 - SUBJECT ADDED ENTRY--TOPICAL TERM | |
| Topical term or geographic name as entry element | Bangladesh |
| General subdivision | |
| Chronological subdivision | Tribe. |
| 942 ## - ADDED ENTRY ELEMENTS (KOHA) | |
| Source of classification or shelving scheme | |
| Koha item type | Reference |
| Price effective from | Date last seen | Permanent Location | Not for loan | Date acquired | Source of classification or shelving scheme | Koha item type | Lost status | Withdrawn status | Copy number | Source of acquisition | Collection code | Damaged status | Shelving location | Barcode | Current Location | Full call number |
|---|---|---|---|---|---|---|---|---|---|---|---|---|---|---|---|---|
| 2017-02-22 | 2017-02-22 | Dhaka University Library | Not For Loan | 2006-05-18 | Reference | 2 | Gift | Reference | Rare Collection | 404127 | Dhaka University Library | 307.772 SHB | ||||
| 2017-02-22 | 2017-02-22 | Dhaka University Library | Not For Loan | 2006-05-18 | Reference | 1 | Gift | Reference | Rare Collection | 404126 | Dhaka University Library | 307.772 SHB |
